Music Quiz

Random Music or Song Quiz

Basshunter - Now You're Gone Quiz Stats

 Plays Quiz not verified by Sporcle

Challenge
Share
Tweet
Embed
Score 0/18 Timer 06:00
1 Play Today
Song % Correct
Now You're Gone
86.7%
Now You're Gone
86.7%
All I Ever Wanted
70.2%
All I Ever Wanted
70.2%
DotA
60.6%
Angel in the Night
54.8%
Boten Anna
46.3%
I Miss You
41%
I Can Walk on Water
38.3%
Song % Correct
Camilla
31.9%
In Her Eyes
28.2%
Please Don't Go
25.5%
Dream Girl
25%
Russia Privjet
23.4%
Bass Creator
21.8%
Love You More
18.6%
Welcome to Rainbow
10.1%
Hardstyle Drops
3.7%

You're not logged in!

Compare scores with friends on all Sporcle quizzes.
OR
Log In

You Might Also Like...

Show Comments

Extras

Created Apr 22, 2010SourceReportNominate
Tags:Album Quiz, Song Quiz, gone

Top Quizzes Today


Score Distribution

Your Account Isn't Verified!

In order to create a playlist on Sporcle, you need to verify the email address you used during registration. Go to your Sporcle Settings to finish the process.

Report this User

Report this user for behavior that violates our Community Guidelines.

Details: